00542nam a2200145 a 450000500170000000800410001702000180005805000220007610000250009824500700012326000390019330000120023252001320024465000200037620140412111421.0080105s19uu xx 00 eng d a0-439-68988-0 aTR(PS EbUp1 2003 aShapiro, Jody Fickes aUp, Up, Up! :bit's apple-picking time /cby Jody Fickes Shapiro. aNew York :bScholastic Inc,c2003. aunpaged aMyles and his family go to his grandparents' apple ranch, where they have a wonderful time picking and selling apples together. aApplesxfiction